banner koha

Estudos sobre a nutricao mineral do sorgo sacarino (Sorghum bicolor (L.)Moench), 1: Deficiencias de macro e micronutrientes e toxidez de aluminio, cloro e manganes (Registro n. 102159)

MARC details
000 -LÍDER
campo de controle de tamanho fixo 01128nas a2200349 4500
001 - NÚMERO DE CONTROLE
campo de controle BR7905728
003 - IDENTIFICADOR DO NÚMERO DE CONTROLE
campo de controle BR-BrBNA
005 - DATA E HORÁRIO DA ÚLTIMA TRANSAÇÃO
campo de controle 20231205083934.0
007 - CAMPO FIXO DE DESCRIÇÃO FÍSICA--INFORMAÇÃO GERAL
campo de controle de tamanho fixo ta
008 - CAMPO DE DADOS FIXOS--INFORMAÇÃO GERAL
campo de controle de tamanho fixo 230509b bl.|||p| |||| 00| 00por d
040 ## - FONTE DA CATALOGAÇÃO
Instituição da catalogação original BR-BrBNA
Idioma da catalogação por
Instituição que transcreveu o registro Biblioteca Nacional de Agricultura
041 ## - CÓDIGO DE IDIOMA
Código do idioma do texto/trilha sonora ou título diferente (Pt)
072 ## - CÓDIGO DE CATEGORIA DE ASSUNTO
Código de Categoria de Assunto F60; H50
100 1# - ENTRADA PRINCIPAL--NOME PESSOAL
Nome pessoal Malavolta, E.
100 1# - ENTRADA PRINCIPAL--NOME PESSOAL
Nome pessoal Coutinho, E.L.M.
100 1# - ENTRADA PRINCIPAL--NOME PESSOAL
Nome pessoal Vitti, G.C.
100 1# - ENTRADA PRINCIPAL--NOME PESSOAL
Nome pessoal Alejo, N.U.
100 1# - ENTRADA PRINCIPAL--NOME PESSOAL
Nome pessoal Novaes, N.J.
100 1# - ENTRADA PRINCIPAL--NOME PESSOAL
Nome pessoal Furlani Neto, V.L.
245 1# - TÍTULO
Título Estudos sobre a nutricao mineral do sorgo sacarino (Sorghum bicolor (L.)Moench), 1: Deficiencias de macro e micronutrientes e toxidez de aluminio, cloro e manganes
650 ## - ASSUNTO--TERMO TÓPICO
Cabeçalho tópico ou nome geográfico Nutricao vegetal
650 ## - ASSUNTO--TERMO TÓPICO
Cabeçalho tópico ou nome geográfico Disturbio vegetal
650 ## - ASSUNTO--TERMO TÓPICO
Cabeçalho tópico ou nome geográfico Sorgo acucareiro
650 ## - ASSUNTO--TERMO TÓPICO
Cabeçalho tópico ou nome geográfico Macroelemento
650 ## - ASSUNTO--TERMO TÓPICO
Cabeçalho tópico ou nome geográfico Microelemento
650 ## - ASSUNTO--TERMO TÓPICO
Cabeçalho tópico ou nome geográfico Deficiencia mineral
650 ## - ASSUNTO--TERMO TÓPICO
Cabeçalho tópico ou nome geográfico Toxidez
650 ## - ASSUNTO--TERMO TÓPICO
Cabeçalho tópico ou nome geográfico Materia seca
773 0# - ENTRADA ANALÍTICA
Título Anais da Escola Superior de Agricultura Luiz de Queiroz (Brazil)
ISSN - International Standard Serial Number ISSN 0071-1276
Partes relacionadas (1979), v. 36 p. 173-202
Número de controle do registro BR7905728
909 ## -
-- 202311
-- Lúcia
-- 55
-- Lúcia Elande
942 ## - ELEMENTOS DE ENTRADA ADICIONADOS (KOHA)
Fonte da classificação ou esquema de arquivamento na estante Classificação AGRIS
Ocultar no OPAC Não
Tipo de material Koha Analítica
Exemplares
Situação do descarte Fonte da classificação ou esquema de arquivamento na estante Situação física Não pode ser emprestado Biblioteca de origem Biblioteca atual Localização na estante Enumeração do periódico / cronologia Total de empréstimos Data de último acesso Número do exemplar Tipo de material Koha Fonte de aquisição
  Classificação AGRIS   Consulta local Biblioteca Nacional de Agricultura - Binagri Biblioteca Nacional de Agricultura - Binagri   (1979), v. 36 p. 173-202   29/11/2023 01 Periódicos Portaria Interministerial nº 164/94

BINAGRI

Telefone: (61)3218-2567/2388/3357/2097 - binagri@agro.gov.br

Ministério da Agricultura e Pecuária , Esplanada dos Ministérios, Bloco D, Anexo B, Brasília/DF, CEP: 70.043-900